000 00628nam a2200229Ia 4500
003 OSt
005 20221005133718.0
006 a|||||r|||| 00| 0
007 ta
008 221004b |||||||| |||| 00| 0 pan d
024 _a27780
037 _cTextual
040 _aCRL
_cCRL
_bpan
041 _2pan
_apan
082 _aV236:1.M5, 153J1
100 _aFਮFੇਰ ਸਿੰਘ
245 0 _aਸਿੱਖ ਰਾਜ ਦਾ ਅੰਤ
260 _c1951
650 _aਭਾਰਤੀਯ ਇਤਿਹਾਸ
942 _hV236:1.M5, 153J1
_cTEXL
_2cc
999 _c1067649
_d1067649